header

The Canadian yearbook of international law (Record no. 88509)

MARC details
000 -LEADER
fixed length control field 01505nam a2200349 a 4500
245 04 - TITLE STATEMENT
Title The Canadian yearbook of international law
260 ## - PUBLICATION, DISTRIBUTION, ETC. (IMPRINT)
Place of publication Vancouver :
Name of publisher University of British Columbia Press,
Year of publication 1963.
300 ## - PHYSICAL DESCRIPTION
Number of Pages 325 p.
490 0# - SERIES STATEMENT
Series statement Canadian yearbook of international law,
500 ## - GENERAL NOTE
General note "Published under the auspices of the Canadian Branch, International Law Association."
650 #0 - SUBJECT ADDED ENTRY--TOPICAL TERM
Topical Term International law.
700 1# - ADDED ENTRY--PERSONAL NAME
Personal name Bourne, Charles B.
856 40 - ELECTRONIC LOCATION AND ACCESS
Uniform Resource Identifier http://site.ebrary.com/lib/rucke/Doc?id=10146849

No items available.

© 2026 Rongo University
Contact us: librarian | system librarian | Rongo university